00779nam a22002057a 4500003000900000008004100009020001800050040007100068082002400139100002800163245005900191260004400250300002500294440002500319505012100344650002400465650002700489700002900516700002800545AR-CdUCM190402b ||||| |||| 00| 0 spa d a9972-745-37-6 aMUNICIPALIDAD PROVINCIAL DEL CUSCOcBIBLIOTECA MUNICIPAL DEL CUSCO aES / 373.300 /bR74 aRodriguez Quispe, David aProtagonistas 2 :bCiencias sociales para secundaria / aPerú :bGrupo editorial Norma,c1999. a295 paginas c28 cm. aSerie protagonistas. aContenido :Adolescencia -- El liderazgo juvenil -- Conflictos y violencia -- La ciudadanía -- El tahuantinsuyo ... aHistoria del Perú aEducación secundaria aPrado Prado, Ana María aZelaya Artega, Martín